Statistieken voor Vergeten groenten

Klik hier om de quiz te nemen!

Algemene statistieken

  • Deze quiz is 286 keer genomen
  • De gemiddelde score is 8 van 18

Antwoordstatistieken

HintAntwoord% Correct
witte wortelPastinaak
90%
wortels, zeer kleverig bij schillenSchorseneren
58%
scheutjes van gewas dat vooral gelinkt wordt aan bierbrouwenHopscheuten
57%
knolletjes, plant is familie van zonnebloemAardpeer
56%
wortelknol (familie van radijs)Rammenas
53%
bladgroente, rood, geel, groen of wit van kleurSnijbiet
50%
witte wortel qua smaak een beetje tussen pastinaak en knolselderijWortelpeterselie
49%
verdikking van een stengelKoolrabi
47%
distel verwant aan de artisjokKardoen
44%
knolvormige wortel, bladeren zijn snijkool/snijmoesKoolraap
43%
bladgewas met kroezende bladeren die lijken op tropische boomsoortPalmkool
39%
klulvormige bladgewasBoerenkool
36%
bladgroente, zou helpen bij darmstoornissenBrave Hendrik
36%
langwerpige slasoortBindsla
32%
lichtgroene blaadjes met rode stengeltjesPostelein
32%
kronkelige knolletjes, eetbaar zoals aardappelCrosnes
29%
roze wortels die lichtjes smaken naar hamMiddelste teunisbloem
24%
jong geoogste blad van de Chinese koolRaapstelen
22%

Scoreverdeling

Percentiel versus Aantal Correcte Antwoorden

Procent van Mensen met Elke Score

Uw Scoregeschiedenis

U heeft deze quiz nog niet genomen